| 000 | 00618nam a2200205 u 4500 | ||
|---|---|---|---|
| 005 | 20260320064150.0 | ||
| 008 | 151109s2008 r 000 0 eng d | ||
| 020 | _a9788448828431 | ||
| 035 | _aUPN01000206632 | ||
| 049 | _aI | ||
| 050 | 4 |
_aBF575 F2 _bZ3.54 |
|
| 100 | 1 |
_aZabalbeascoa, Anatxu _938164 |
|
| 245 | 1 | 0 |
_aMiedo a los perros / _cAnatxu Zabalbeascoa ; il. de Ximena Maier. |
| 260 |
_aBarcelona, Esp. : _bBeascoa, _c2008. |
||
| 300 |
_a[28] p. : _bil. |
||
| 440 | 0 |
_aEl maletin del doctor Quitamiedos ; _v4 |
|
| 650 | 4 |
_aMiedo _vLiteratura infantil _912306 |
|
| 650 | 2 |
_aFobias _910077 |
|
| 905 | _aInfantil | ||
| 999 |
_c178733 _d178733 |
||